NFL 2024 Regular Season Stats Leaders - Statistics

General Stats
  • This quiz has been taken 429 times
  • The average score is 37 of 60
Answer Stats
Stat Team Player Stat Total % Correct
Passing Yards Buccaneers Baker Mayfield 4,500
99%
Passing Yards Seahawks Geno Smith 4,320
99%
Passing Yards Lions Jared Goff 4,629
99%
Passing Yards Bengals Joe Burrow 4,918
99%
Passing Yards Ravens Lamar Jackson 4,172
99%
Passing Yards 49ers Brock Purdy 3,864
98%
Passing Yards Cheifs Patrick Mahomes 3,928
98%
Rushing Yards Eagles Saquon Barkley 2,005
98%
Passing Yards Jets Aaron Rodgers 3,897
97%
Rushing Yards Ravens Derrick Henry 1,921
97%
Passing Yards Chargers Justin Herbert 3,870
97%
Rushing Yards Falcons Bijan Robinson 1,456
96%
Passing Yards Vikings Sam Darnold 4,319
96%
Rushing Yards Lions Jahmyr Gibbs 1,412
95%
Receiving Yards Bengals JaMarr Chase 1,708
95%
Receiving Yards Vikings Justin Jefferson 1,533
95%
Receiving Yards Lions Amon-Ra St. Brown 1,263
94%
Rushing Yards Colts Jonathan Taylor 1,431
94%
INT's Steelers Donte Jackson 5
93%
Rushing Yards Packers Josh Jacobs 1,329
93%
Rushing Yards Rams Kyren Williams 1,299
93%
Total Tackles Ravnes Roquan Smith 154
93%
Receiving Yards Cowboys CeeDee Lamb 1,194
92%
Rushing Yards Vikings Aaron Jones 1,138
90%
Receiving Yards Falcons Drake London 1,271
90%
Sacks Seahawks Leonard Williams 11
90%
Receiving Yards Giants Malik Nabers 1,204
89%
Rushing Yards Panthers Chuba Hubbard 1,195
88%
Receiving Yards Jaguars Brian Thomas Jr. 1,282
87%
Rushing Yards Buccaneers Bucky Irving 1,122
87%
Receiving Yards Browns Jerry Jeudy 1,229
86%
Receiving Yards Raiders Brock Bowers 1,194
76%
Receiving Yards Chargers Ladd McConkey 1,149
74%
Sacks Browns Myles Garrett 14
65%
Sacks Bengals Trey Hendrickson 17.5
62%
Sacks Steelers T.J. Watt 11.5
55%
Sacks Cowboys Micah Parsons 12
47%
Total Tackles Cardinals Budda Baker 164
40%
Total Tackles Eales Zack Baun 151
38%
INT's Packers Xavier McKinney 8
37%
Sacks Texans Danielle Hunter 12
36%
INT's Eagles C.J. Gardner-Johnson 6
35%
Sacks Broncos Nik Bonitto 13.5
30%
INT's Texans Derek Stingley Jr. 5
29%
Total Tackles Colts Zaire Franklin 173
28%
Sacks Vikings Andrew Van Ginkel 11.5
21%
Sacks Vikings Jonathan Greenard 12
15%
Sacks Ravens Kyle Van Noy 12.5
13%
INT's Eagles Reed Blankenship 4
13%
INT's Vikings Byron Murphy Jr. 6
12%
Total Tackles Raiders Robert Spillane 158
11%
Total Tackles Bengals Germaine Pratt 143
8%
Total Tackles Jets Jamien Sherwood 158
7%
Total Tackles Colts Nick Cross 146
7%
Total Tackles Falcons Kaden Ellis 151
5%
INT's Lions Kerby Jospeh 9
5%
INT's Texans Caden Bullock 5
4%
Total Tackles Chargers Daiyan Henley 147
4%
INT's Titans Amani Hooker 5
2%
INT's Ravens Marlon Mumphrey 6
0%
No matching quizzes found
Score Distribution
Percent of People with Each Score
Percentile by Number Answered
Your Score History
You have not taken this quiz